000 00712nam a2200169Ia 4500
008 090124s9999 xx 000 0 und d
082 _b19863
100 _aकिवे कमलाबाई देव
245 _a श्रीमंत रखमाबाई साहेब यांचे चरित्र
250 _a0
300 _a"14,18"
600 _aकिवे कमलाबाई देव
630 _a श्रीमंत रखमाबाई साहेब यांचे चरित्र
700 _aकिवे कमलाबाई देव
730 _a श्रीमंत रखमाबाई साहेब यांचे चरित्र
942 _cBOOK
999 _c90221
_d90221